000 00305nam a22001337a 4500
020 _a978-0-7166-2269-7
082 _a001
_bCAR/O
100 _aCARRIGAN, MELLONEE
245 _aTHE UNIVERSE
260 _aUSA
_bWORLD BOOKS INC
_c2013
300 _a192
650 _aUNIVERSE ENCYCLOPEDIA
_zINDIA
942 _cBK
999 _c1833
_d1833